000 00640nam a2200229Ia 4500
003 OSt
005 20220923214627.0
006 a|||||r|||| 00| 0
007 ta
008 220922b |||||||| |||| 00| 0 hin d
024 _a171,348
037 _cTextual
040 _aARTS
_cARTS
_bhin
041 _2hin
_ahin
082 _aO152:3N20x, J5
100 _aकृष्णचन्द्र
_9156945
245 0 _aपूरे चांद की रात
246 _aPūre chāanda kī rāta
260 _c1955
942 _hO152:3N20x, J5
_cTEXL
_2CC
999 _c325571
_d325571